Management/ (Record no. 14180)

000 -LEADER
fixed length control field 00656nam a22002057a 4500
008 - FIXED-LENGTH DATA ELEMENTS--GENERAL INFORMATION
fixed length control field 160927b xxu||||| |||| 00| 0 eng d
020 ## - INTERNATIONAL STANDARD BOOK NUMBER
International Standard Book Number 0471029602
020 ## - INTERNATIONAL STANDARD BOOK NUMBER
International Standard Book Number 9780471029601
050 ## - LIBRARY OF CONGRESS CALL NUMBER
Classification number HD 31
Item number .S3326 1996
100 ## - MAIN ENTRY--PERSONAL NAME
Personal name Schermerhorn, John R.
245 ## - TITLE STATEMENT
Title Management/
Statement of responsibility, etc. John R. Schermerhorn,William Naumes and Margaret J. Naumes
250 ## - EDITION STATEMENT
Edition statement 5th ed.
260 ## - PUBLICATION, DISTRIBUTION, ETC. (IMPRINT)
Place of publication, distribution, etc. New York :
Name of publisher, distributor, etc. John-Willey & Sons ;
Date of publication, distribution, etc. 1996.
300 ## - PHYSICAL DESCRIPTION
Extent xlvi, 525p. :
Other physical details ill. ;
500 ## - GENERAL NOTE
General note Includes bibliography and index.
650 ## - SUBJECT ADDED ENTRY--TOPICAL TERM
Topical term or geographic name as entry element Management.
700 ## - ADDED ENTRY--PERSONAL NAME
Personal name Naumes, William
700 ## - ADDED ENTRY--PERSONAL NAME
Personal name Naumes, Margaret J.
942 ## - ADDED ENTRY ELEMENTS (KOHA)
Source of classification or shelving scheme
Koha item type Hard Covered Materials
Classification part HD 31 .S3326 1996
Koha issues (borrowed), all copies 2
Holdings
Withdrawn status Lost status Source of classification or shelving scheme Damaged status Not for loan Home library Current library Shelving location Date acquired Source of acquisition Total Checkouts Full call number Barcode Date last seen Date last checked out Price effective from Koha item type
          MACHAKOS UNIVERSITY LIBRARY MACHAKOS UNIVERSITY LIBRARY Open shelf 27/09/2016 Donation(BFA) 2 HD 31 .S3326 1996 24998 31/10/2017 14/10/2017 27/09/2016 Hard Covered Materials
© Machakos University Library, Along The Highway, Machakos Wote Rd, Machakos, Kenya P.O. Box 136 - 90100 Machakos - Kenya

Tel: ( +254 ) 723 805829 OR Fax : 044-20353 OR Email: library@mksu.ac.ke